| 000 | 00765cam a2200193 4500 | ||
|---|---|---|---|
| 001 | WB3727-10 | ||
| 008 | 010712n2001 000 0 eng u | ||
| 035 | _a(Sirsi) u113649 | ||
| 245 | _aProtecting school playing fields | ||
| 260 | _c2001 | ||
| 490 |
_aDfES Press Notice _v(0299) 9 July 2001, (2) |
||
| 520 | _aThe Schools Minister announces new measures designed to strengthen the protection of school playing fields. "The Protection of School Playing Fields and Land for City Academies", published by the Department for Education and Skills, will be underpinned by a School Playing Fields Advisory Panel. | ||
| 590 | _aWB | ||
| 650 | _aPLAYING FIELDS | ||
| 650 | _aSCHOOLS | ||
| 650 | _aSALE | ||
| 690 | _aCAREERS, EDUCATION AND TRAINING | ||
| 942 | _n0 | ||
| 999 |
_c67722 _d67722 |
||